Box man: a professional thief's journey

Saved in:  
Bibliographic Details
Main Author: King, Harry (Author)
Format: Print Book
Language:English
Published: New York [u.a.] Harper and Row 1972
In:Year: 1972
Availability in Tübingen:Present in Tübingen.
UB: KB 3 A 2
Check availability: HBZ Gateway
Subito Delivery Service: Order now.

MARC

LEADER 00000cam a22000002c 4500
001 1094883603
003 DE-627
005 20251224220610.0
007 tu
008 910718s1972 xx ||||| 00| ||eng c
035 |a (DE-627)1094883603 
035 |a (DE-576)024883603 
035 |a (DE-599)BSZ024883603 
035 |a (OCoLC)247254983 
035 |a (OCoLC)00427589 
035 |a (DE-604)8071996737 
040 |a DE-627  |b ger  |c DE-627  |e rakwb 
041 |a eng 
082 0 |a 364.1/62/0924 
082 0 |a B 
084 |a MS 6380  |2 rvk  |0 (DE-625)rvk/123753: 
084 |a PH 6450  |2 rvk  |0 (DE-625)rvk/136439:401 
100 1 |a King, Harry  |4 aut 
245 1 0 |a Box man  |b a professional thief's journey 
264 1 |a New York [u.a.]  |b Harper and Row  |c 1972 
300 |a XI, 179 S. 
336 |a Text  |b txt  |2 rdacontent 
337 |a ohne Hilfsmittel zu benutzen  |b n  |2 rdamedia 
338 |a Band  |b nc  |2 rdacarrier 
490 0 |a Harper torchbooks  |v 1667 
583 1 |a Archivierung prüfen  |c 20200919  |f DE-640  |z 3  |2 pdager 
936 r v |a MS 6380  |b Kriminalität, Gefängnis, Erziehungsheim  |k Soziologie  |k Spezielle Soziologien  |k Soziale Probleme  |k Kriminalität, Gefängnis, Erziehungsheim  |0 (DE-627)1271441438  |0 (DE-625)rvk/123753:  |0 (DE-576)201441438 
936 r v |a PH 6450  |b Grundnotation  |k Rechtswissenschaft  |k Strafrecht, Strafverfahrensrecht, Kriminologie  |k Vergleichendes und ausländisches Straf- und Strafprozessrecht einschliesslich Strafvollzug  |k Ausländisches Recht - Einzelne Länder  |k Amerika  |k Mittelamerika  |k Allgemeines und Übergreifendes  |k Grundnotation  |0 (DE-627)1272237583  |0 (DE-625)rvk/136439:401  |0 (DE-576)202237583 
951 |a BO 
ELC |b 1 
LOK |0 000 xxxxxcx a22 zn 4500 
LOK |0 001 2168096511 
LOK |0 003 DE-627 
LOK |0 004 1094883603 
LOK |0 005 20020606000000 
LOK |0 008 910718||||||||||||||||ger||||||| 
LOK |0 040   |a DE-21  |c DE-627  |d DE-21 
LOK |0 852   |a DE-21 
LOK |0 852 1  |c KB 3 A 2  |9 00 
LOK |0 935   |a krim 
LOK |0 936ln  |a k11.3.2 
LOK |0 939   |a 18-07-91  |b l01 
ORI |a SA-MARC-krimdoka001.raw 
SIG |a UB: KB 3 A 2